000 00579nam a2200169Ia 4500
008 090124s9999 xx 000 0 und d
082 _b101477
100 _aआपटे हरि नारायण
245 _a स्फुट गोष्टी भाग 3 रा
250 _a3
300 _a159
600 _aआपटे हरि नारायण
630 _a स्फुट गोष्टी भाग 3 रा
700 _aआपटे हरि नारायण
730 _a स्फुट गोष्टी भाग 3 रा
942 _cBOOK
999 _c147569
_d147569